Statistics for Australian Football (Soccer) Logos

Click here to take the quiz!

General Stats

  • This quiz has been taken 17 times
  • The average score is 13 of 28

Answer Stats

Answer% Correct
Sydney FC
93%
Western Sydney Wanderers
93%
Newcastle United Jets
87%
Melbourne City
80%
Brisbane Roar
73%
Central Coast Mariners
73%
Melbourne Victory
73%
Wellington Phoenix
73%
Adelaide United
67%
Macarthur FC
67%
Adelaide City
47%
Western United
47%
Canberra United
40%
South Melbourne FC
40%
APIA Leichhardt
33%
Wollongong Wolves
33%
Avondale FC
27%
Brisbane Strikers
27%
Canberra Cosmos
27%
Hakoah Sydney City East
27%
Melbourne Knights
27%
Sydney United 58
27%
Gippsland Falcons
20%
Heidelberg United
20%
Sydney Olympic
20%
West Adelaide SC
20%
Football Kingz
13%
Preston Lions
13%

Score Distribution

Percentile by Number Answered

Percent of People with Each Score

Your Score History

You have not taken this quiz